Normal view
MARC view
Entry Topical Term
001 - CONTROL NUMBER
- control field: 44233
003 - CONTROL NUMBER IDENTIFIER
- control field: ARRUPE
005 - DATE AND TIME OF LATEST TRANSACTION
- control field: 20190129102438.0
008 - FIXED-LENGTH DATA ELEMENTS
- fixed length control field: 190129|| aca||aabn | a|a d
040 ## - CATALOGING SOURCE
- Original cataloging agency: ARRUPE
- Transcribing agency: ARRUPE
150 ## - HEADING--TOPICAL TERM
- Topical term or geographic name as entry element: Tools
- General subdivision: History
670 ## - SOURCE DATA FOUND
- Source citation: Work cat.: (ARRUPE)0: Oakley, Kenneth Page, 1911- 44232, Man the tool-maker., 1958.